000 00426nam a2200205Ia 4500
001 002047
003 YMCAF
005 20230512160126.0
008 100717s1972 ||||||||||||||||| ||und|d
024 _a2047
035 _a2028
040 _aYMCAF
_beng
_cIN-KoLT
041 _aeng
082 _aREL-RAD
100 _aRADHA KRISHAN
245 0 _aRELIGION AND CULTURE
260 _c1972
300 _a176
942 _2ddc
_cBK
999 _c1630
_d1630